00463nam a22001575a 450000500170000001000230001702000230004003500230006303700160008608200110010210000160011324500450012926000410017427000680021530000220028320100407161626.0 aB-379469 B-477236 a8188632295c400.00 aB-379469 B-477236 bK.K.Pub/Ven a954.16 aGiri, Ajay  aStates of India:cby Ajay Giri bDelhi / aDelhi bPushpanjali Prakashan c2010 aL-46, Street No. 5, Shivaji Marg, Kartar Nagar,bDelhi e110053 a176p.c23cm (Hb)